| 000 | 01108 a2200361 4500 | ||
|---|---|---|---|
| 001 | 110198 | ||
| 020 | _a9780329823146 (Follett bdg.) | ||
| 020 | _a9780545103770 (pbk.) | ||
| 041 | _aeng | ||
| 082 | _a[Fic] | ||
| 250 | _a. ed. | ||
| 300 | _a100 p. | ||
| 490 | _aGeronimo Stilton | ||
| 697 | _aAdventure stories. | ||
| 697 | _aMice | ||
| 697 | _aWhales | ||
| 697 | _aStilton, Geronimo (Fictional character) - Fiction. | ||
| 697 | _aStilton, Geronimo (Fictitious character) | ||
| 697 | _aAdventure fiction. | ||
| 697 | _aAnimals | ||
| 697 | _aAnimals - Fiction. | ||
| 697 | _aMice - Fiction. | ||
| 697 | _aStilton, Geronimo (Fictitious character) - Fiction. | ||
| 697 | _aWhales - Fiction. | ||
| 830 | _aGeronimo Stilton | ||
| 856 | _u000018/000018e3.jpg | ||
| 040 |
_aBR-BrIDEA _cBR-BrIDEA |
||
| 090 |
_aYear 4 [Fic] _bSAV |
||
| 245 | 1 | 0 |
_aSave the white whale! _c Riccardo Sisti, and Christian Aliprandi illustrations by Sara Copercini |
| 260 |
_aNew York _bScholastic _c2011 |
||
| 700 |
_aSara Copercini, Riccardo Sisti, and Christian Aliprandi _eIllustrated |
||
| 942 | _cBK | ||
| 999 |
_c110198 _d110198 |
||